Normal view
MARC view
- Lembaga Penyelidikan Undang-Undang,
Entry Corporate Name
001 - CONTROL NUMBER
- control field: 8668
003 - CONTROL NUMBER IDENTIFIER
- control field: OSt
005 - DATE AND TIME OF LATEST TRANSACTION
- control field: 20170530112653.0
008 - FIXED-LENGTH DATA ELEMENTS
- fixed length control field: 170530|| aca||aabn | a|a d
040 ## - CATALOGING SOURCE
- Original cataloging agency: OSt
- Transcribing agency: OSt
110 ## - HEADING--CORPORATE NAME
- Corporate name or jurisdiction name as entry element: Lembaga Penyelidikan Undang-Undang,
- Relator term: editor.
670 ## - SOURCE DATA FOUND
- Source citation: Work cat.: (OSt)0: Malaysia, jurisdiction governed. 400, AKTA PERWAKILAN KUASA 1956 (AKTA 358) & DELEGATION OF POWERS ACT 1956 (ACT 358) :

PORTAL AKMAL
E-MEL JKDM
AKMAL2U
G-BAM
u-PUSTAKA